skbl

Dr Suryya Kumar Bhuyan Library Web-OPAC
ডঃ সূৰ্য্য
কুমাৰ ভূঞা পুথিভঁৰাল ৱেব-অ'পেক

All Research Scholars are advised to clear the annual library fees to continue using Library Resources, Remote Access, Plagiarism Test and Library Clearance.

Cotton University Book Fair 2026

Chemistry: Experience & Theory / (Record no. 5520)

MARC details
000 -LEADER
fixed length control field 00607nam a2200193Ia 4500
001 - CONTROL NUMBER
control field 5533
008 - FIXED-LENGTH DATA ELEMENTS--GENERAL INFORMATION
fixed length control field 150225s 198 ii a g b000 u 465 u
082 ## - DEWEY DECIMAL CLASSIFICATION NUMBER
Classification number 540
100 ## - MAIN ENTRY--PERSONAL NAME
Personal name Segal, Bernice G. .
245 #0 - TITLE STATEMENT
Title Chemistry: Experience & Theory /
Statement of responsibility, etc. Bernice G. Segal.
Medium Textual Documents
250 ## - EDITION STATEMENT
Edition statement 2nd ed. /
260 ## - PUBLICATION, DISTRIBUTION, ETC.
Place of publication, distribution, etc. New York :
Name of publisher, distributor, etc. John Wiley & Sons ,
Date of publication, distribution, etc. C 1989.
300 ## - PHYSICAL DESCRIPTION
Extent xxiv, 1008p. :
Other physical details ill. ;
Dimensions 26cm .
504 ## - BIBLIOGRAPHY, ETC. NOTE
Bibliography, etc. note Index
653 ## - INDEX TERM--UNCONTROLLED
Uncontrolled term Chemistry: Experience & Theory
653 ## - INDEX TERM--UNCONTROLLED
Uncontrolled term G -Che
856 ## - ELECTRONIC LOCATION AND ACCESS
Uniform Resource Identifier <a href="Acc no 144/CHE , Chemistry: Experience & Theory Shifted From PG Sec to General">Acc no 144/CHE , Chemistry: Experience & Theory Shifted From PG Sec to General</a>
942 ## - ADDED ENTRY ELEMENTS (KOHA)
Source of classification or shelving scheme Dewey Decimal Classification
Koha item type Books
Holdings
Withdrawn status Lost status Damaged status Not for loan Home library Current library Shelving location Date acquired Source of acquisition Coded location qualifier Total checkouts Full call number Barcode Date last seen Copy number Price effective from Koha item type Public note
        Dr. Suryya Kumar Bhuyan Library Dr. Suryya Kumar Bhuyan Library   01/02/2012 20 00000   540 Se 37 Ch 144/Che 13/01/2024 1 01/02/2012 Books 20

Designed and Maintained by Team SKBL
©1901-2026

Powered by Koha